Petit almanach du sens de la vie (notice n° 2048311)

détails MARC
000 -LEADER
fixed length control field 00506cam a2200169 4500500
005 - DATE AND TIME OF LATEST TRANSACTION
control field 20260405001513.0
041 ## - LANGUAGE CODE
Language code of text/sound track or separate title fre
042 ## - AUTHENTICATION CODE
Authentication code dc
245 00 - TITLE STATEMENT
Title Petit almanach du sens de la vie
260 ## - PUBLICATION, DISTRIBUTION, ETC.
Date of publication, distribution, etc. 2013.<br/>
500 ## - GENERAL NOTE
General note 8
690 ## - LOCAL SUBJECT ADDED ENTRY--TOPICAL TERM (OCLC, RLIN)
Topical term or geographic name as entry element Âge
690 ## - LOCAL SUBJECT ADDED ENTRY--TOPICAL TERM (OCLC, RLIN)
Topical term or geographic name as entry element Chroniques
690 ## - LOCAL SUBJECT ADDED ENTRY--TOPICAL TERM (OCLC, RLIN)
Topical term or geographic name as entry element Pierre-Henri Tavoillot
786 0# - DATA SOURCE ENTRY
Note Philosophie magazine | 70 | 6 | 2013-06-01 | p. 67-67 | 1951-1787
856 41 - ELECTRONIC LOCATION AND ACCESS
Uniform Resource Identifier <a href="https://shs.cairn.info/magazine-philosophie-magazine-2013-6-page-67?lang=fr&redirect-ssocas=7080">https://shs.cairn.info/magazine-philosophie-magazine-2013-6-page-67?lang=fr&redirect-ssocas=7080</a>

Pas d'exemplaire disponible.

PLUDOC

PLUDOC est la plateforme unique et centralisée de gestion des bibliothèques physiques et numériques de Guinée administré par le CEDUST. Elle est la plus grande base de données de ressources documentaires pour les Étudiants, Enseignants chercheurs et Chercheurs de Guinée.

Adresse

627 919 101/664 919 101

25 boulevard du commerce
Kaloum, Conakry, Guinée

Réseaux sociaux

Powered by Netsen Group @ 2025